Verbrechensopfer: Leben nach der Tat

Guardado en:  
Detalles Bibliográficos
Autor principal: Hestermann, Thomas 1961- (Autor)
Tipo de documento: Print Libro
Lenguaje:Alemán
Publicado: Reinbek bei Hamburg Rowohlt-Taschenbuch-Verl. 1997
En:Año: 1997
Edición:Orig.-Ausg.
Disponibilidad en Tübingen:Disponible en Tübingen.
IFK: B XVI 106
Verificar disponibilidad: HBZ Gateway
Servicio de pedido Subito: Pedir ahora.
Palabras clave:

MARC

LEADER 00000cam a2200000 c 4500
001 226679020
003 DE-627
005 20260206192553.0
007 tu
008 970428s1997 gw ||||| 00| ||ger c
015 |a 97,A18,0564  |2 dnb 
016 7 |a 949998753  |2 DE-101 
020 |a 3499601982  |c  : DM 16.90, S 123.00 (kart.)  |9 3-499-60198-2 
035 |a (DE-627)226679020 
035 |a (DE-603)05295398X 
035 |a (DE-576)05792435X 
035 |a (DE-599)GBV226679020 
035 |a (OCoLC)75934227 
035 |a (OCoLC)75934227 
035 |a (DE-604)811312743x 
035 |a (DE-478)942906689 
035 |a (DE-H357)his4664 
040 |a DE-627  |b ger  |c DE-627  |e rakwb 
041 |a ger 
044 |c XA-DE 
082 0 4 |a 11  |q dnb 
084 |a Fao  |2 asb 
084 |a R 492,6  |2 sfb 
084 |a R 522,3  |2 sfb 
084 |a R 522,4  |2 sfb 
084 |a C 342  |2 kab 
084 |a 19  |a 11  |a 14  |2 sdnb 
084 |a PH 8600  |2 rvk  |0 (DE-625)rvk/136512: 
084 |a 71.65  |2 bkl 
100 1 |a Hestermann, Thomas  |d 1961-  |0 (DE-588)115013156  |0 (DE-627)630387575  |0 (DE-576)32502636X  |4 aut 
109 |a Hestermann, Thomas 1961- 
245 1 0 |a Verbrechensopfer  |b Leben nach der Tat  |c Thomas Hestermann 
250 |a Orig.-Ausg. 
264 1 |a Reinbek bei Hamburg  |b Rowohlt-Taschenbuch-Verl.  |c 1997 
300 |a 220 S.  |c 19 cm 
336 |a Text  |b txt  |2 rdacontent 
337 |a ohne Hilfsmittel zu benutzen  |b n  |2 rdamedia 
338 |a Band  |b nc  |2 rdacarrier 
361 1 |5 DE-18  |y 4570057225  |s R/6893  |o Vorbesitz  |a Bucharchiv des Rowohlt-Verlages 
490 0 |a rororo  |v 60198  |a rororo-Sachbuch 
650 4 |a Verbrechen 
650 4 |a Gewalt 
650 4 |a Verbrechensopfer 
650 4 |a Kriminalitätsopfer 
650 4 |a Gewaltopfer 
650 4 |a Opfer 
650 4 |a Trauma 
650 4 |a Traumatisierung 
689 0 0 |d s  |0 (DE-588)4157234-8  |0 (DE-627)104262087  |0 (DE-576)209832851  |a Gewaltkriminalität  |2 gnd 
689 0 1 |d s  |0 (DE-588)4078782-5  |0 (DE-627)106076329  |0 (DE-576)20921001X  |a Verbrechensopfer  |2 gnd 
689 0 2 |d s  |0 (DE-588)4060749-5  |0 (DE-627)106138529  |0 (DE-576)209136456  |a Psychisches Trauma  |2 gnd 
689 0 3 |d s  |0 (DE-588)4195461-0  |0 (DE-627)104469560  |0 (DE-576)21010127X  |a Bewältigung  |2 gnd 
689 0 |5 DE-101 
889 |w (DE-627)307493857 
935 |i mdedup 
935 |i Blocktest 
935 |h HEB  |i 0501 
935 |h HEB  |i 0503 
936 r v |a PH 8600  |b Allgemeines; Täter-Opfer-Ausgleich; Wiedergutmachung; Opferentschädigung  |k Rechtswissenschaft  |k Strafrecht, Strafverfahrensrecht, Kriminologie  |k Kriminologie  |k Viktimologie  |k Allgemeines; Täter-Opfer-Ausgleich; Wiedergutmachung; Opferentschädigung  |0 (DE-627)1271675021  |0 (DE-625)rvk/136512:  |0 (DE-576)201675021 
936 b k |a 71.65  |j Kriminalität als soziales Problem  |0 (DE-627)106412248 
936 s n |a p100  |2 mzub 
936 s n |a c200  |2 mzub 
936 s n |a m200  |2 mzub 
951 |a BO 
ELC |b 1 
LOK |0 000 xxxxxcx a22 zn 4500 
LOK |0 001 317639974X 
LOK |0 003 DE-627 
LOK |0 004 226679020 
LOK |0 005 20010517000000 
LOK |0 008 980624||||||||||||||||ger||||||| 
LOK |0 040   |a DE-21-110  |c DE-627  |d DE-21-110 
LOK |0 852   |a DE-21-110 
LOK |0 852 1  |c B XVI 106  |m p  |9 00 
LOK |0 935   |a k110 
LOK |0 936ln  |a 8.9 
LOK |0 938   |k p 
LOK |0 939   |a 24-06-98  |b l01 
ORI |a SA-MARC-krimdoka001.raw 
SIG |a IFK: B XVI 106